Parliaments and Legislative Activity : Motivations for Bill Introduction /

Guardado en:
Detalles Bibliográficos
Autor principal: Martin Brunner (autor)
Formato: Libro
Idioma:Inglés
Publicado: Wiesbaden, Alemania : Springer VS, 2013, c2013
Colección:(Studien zur Neuen Politischen Ökonomie)
Acceso en línea:Ver documento en línea
Etiquetas: Agrega una etiqueta
Sin etiquetas, Sé el primero en etiquetar este registro!

MARC

LEADER 00000nam^a22000000a04500
001 000599538
009 20260512124021.85
020 |a 978-3-531-19612-1 
022 |a 2627-1206 
037 |a Acervo ITESO - Biblioteca 
041 |a ING 
082 |a Libro en línea 
100 |a Martin Brunner  |e (autor) 
245 |a Parliaments and Legislative Activity :  |b Motivations for Bill Introduction / 
264 4 |a Wiesbaden, Alemania :  |b Springer VS,  |c 2013, c2013 
264 2 |a Cham, Suiza :  |b Springer Link [distribución],  |c 2025 
300 |a 1 libro electrónico en línea (VII, 164 p.) 
300 |a 1 recurso en línea 
336 |a datos para computadora  |b cod  |2 rdacontenido 
337 |a computadora  |b c  |2 rdamedio 
338 |a recurso en línea  |b cr  |2 rdasoporte 
440 |a (Studien zur Neuen Politischen Ökonomie) 
506 0 |a Licencias ilimitadas 
567 |a Catalogación rápida 
649 |a XX 
856 4 0 |u https://link-springer-com.ezproxy.iteso.mx/10.1007/978-3-531-19612-1  |y Ver documento en línea 
910 |a Fondo General 
920 |a Electrónicos - Libros en Línea 
930 |a Plataforma Digital 
905 |a 205 
902 |a https://opac.biblio.iteso.mx/vufind/Record/000599538